Nové pokročilé metody návaznosti etalonů krevního tlaku

Enregistré dans:
Détails bibliographiques
Auteur principal: Sedlák, Václav (Auteur)
Autres auteurs: Tesař, Jiří (Directeur de thèse)
Format: Manuscrit Livre
Langue:slovaque
tchèque
Publié: 2023
Sujets:
Accès en ligne:http://is.stuba.sk/zp/portal_zp.pl?podrobnosti=152794
Tags: Ajouter un tag
Pas de tags, Soyez le premier à ajouter un tag!

MARC

LEADER 00000ntm a22000003a 4500
001 stuzp71372
003 SK-STU
005 20230909210423.9
007 ta
008 150427s2015----xo-----f-mn---000-0-slo-d
040 |a STU  |b slo 
041 0 |a cze 
100 1 |a Sedlák, Václav  |u 020020  |k Z9  |4 aut  |U SjF Strojnícka fakulta  |T SjF Ústav automatizácie, merania a aplikovanej informatiky  |X 99397  |U J0020  |Y 802  |7 99397 
242 0 1 |a Nové pokročilé metody návaznosti etalonů krevního tlaku  |y slo 
242 0 1 |a Novel advanced methods of blood pressure standards traceability  |y eng 
245 1 0 |a Nové pokročilé metody návaznosti etalonů krevního tlaku 
260 |c 2023 
650 4 |a metrologie  |2 slo 
650 4 |a krevní tlak  |2 slo 
650 4 |a simulátory  |2 slo 
650 4 |a metrologie  |2 cze 
650 4 |a krevní tlak  |2 cze 
650 4 |a simulátory  |2 cze 
650 4 |a metrology  |2 eng 
650 4 |a blood pressure  |2 eng 
650 4 |a simulators  |2 eng 
700 1 |a Tesař, Jiří  |u 020020  |k Z8  |4 ths  |U SjF Strojnícka fakulta  |T SjF Ústav automatizácie, merania a aplikovanej informatiky  |X 5408  |U J0020  |Y 802  |7 A000005408 
856 4 |u http://is.stuba.sk/zp/portal_zp.pl?podrobnosti=152794 
996 |b 284J047240  |c J* 119482  |l JJST  |s P  |a 0  |w stuzp71372_0001